000 00636nam a2200241Ia 4500
003 OSt
005 20221006152217.0
006 a|||||r|||| 00| 0
007 ta
008 221006b |||||||| |||| 00| 0 eng d
020 _a0470865334
_c
_30.00
024 _a25,428
037 _cTextual
040 _aEASL
_cEASL
_beng
041 _2eng
_aeng
082 _aV41.N, P3
100 _aKruger Rayne
_9115407
245 0 _aAll under heaven
_b A complete history of China
260 _aEngland
_bJohn Wiley
_c2003
300 _a422p.
_ccm.
942 _hV41.N, P3
_cTEXL
_2CC
999 _c1093514
_d1093514